| 000 | 00662nam a2200229 a 4500 | ||
|---|---|---|---|
| 008 | |||
| 020 | _a0471552208 (pbk.) | ||
| 049 | _aMAIN | ||
| 090 |
_aQD453.2 _bALB |
||
| 100 | 1 | _aAlberty, Robert A. | |
| 245 | 1 | 0 |
_aPhysical chemistry / _cRobert A. Alberty, Robert J. Silbey. |
| 260 |
_aNew York : _bWiley, _cc1992. |
||
| 300 |
_axiii, 898 p. : _bill. ; _c26 cm. |
||
| 500 | _aIncludes index. | ||
| 650 | 0 | _aChemistry, Physical and theoretical. | |
| 700 | 1 | _aSilbey, Robert J. | |
| 907 |
_a.b10117076 _b24-02-16 _c03-04-04 |
||
| 003 | |||
| 005 | 20230123133653.0 | ||
| 040 | _cNUST | ||
| 942 |
_cBOOKS _kQD453.2 _mALB |
||
| 999 |
_c152602 _d152602 |
||